000 00731nam a2200241 a 4500
999 _c9337
_d9337
001 9337
003 BD-JhCC
005 20221016080406.0
008 180313s2012 bg a|||| ||a| 000 0 ben d
020 _a9847012002537
035 _a(BD-JhCC)9337
040 _aBD-JhCC
_dBD-JhCC
041 _aben
082 _a923
_bHAY 2012
100 _aহায়দার, মনি
245 _aবঙ্গবন্ধু শেখ মুজিবুর রহমান /
_cমনি হায়দার
260 _aঢাকা :
_bকথা প্রকাশ,
_c2012
300 _a72 p. :
_c20 cm.
490 _aজীবনী গ্রন্থমালা
650 _aBiography
942 _2ddc
_cBK
_02